Loading...
| Fine Arts - Classical Music | 1 | 10.00 | 0% | 100% | 0% |
| Fine Arts - Other | 1 | 10.00 | 100% | 0% | 0% |
| Fine Arts - Visual | 2 | 10.00 | 50% | 0% | 50% |
| History - American | 3 | 10.00 | 100% | 0% | 0% |
| History - European | 2 | 5.00 | 50% | 0% | 0% |
| History - Other | 2 | 10.00 | 100% | 0% | 0% |
| History - World | 2 | 10.00 | 100% | 0% | 0% |
| Literature - American | 1 | 10.00 | 100% | 0% | 0% |
| Literature - British | 1 | 10.00 | 100% | 0% | 0% |
| Literature - European | 3 | 10.00 | 100% | 0% | 0% |
| Literature - World/Other | 2 | 5.00 | 50% | 0% | 0% |
| Mythology | 5 | 16.00 | 80% | 20% | 60% |
| Philosophy | 3 | 10.00 | 100% | 0% | 0% |
| Pop Culture | 2 | 25.00 | 100% | 100% | 50% |
| Religion | 2 | 10.00 | 50% | 50% | 0% |
| Science - Biology | 2 | 5.00 | 50% | 0% | 0% |
| Science - Other | 5 | 10.00 | 60% | 20% | 20% |
| Science - Physics | 5 | 10.00 | 100% | 0% | 0% |
| Social Science | 5 | 8.00 | 80% | 0% | 0% |